000 00395nam a2200181Ia 4500
001 1488
005 20260306143732.0
008 260306t1970||||xx |||||||||||||| ||spa||
041 _aESP
082 _a150.1952
_bM29
100 _aMauge, Roger
_eAUT
245 0 _aFreud
260 _c1970
300 _a222 páginas :
_c17 cm.
650 _aGEN
654 _aCPS
942 _cLIB
_dJUS
_fJUS
_2ddc
_n
999 _c1488
_d1488